00921 am a2200217 a 450000500170000000800410001702000150005804100080007310000210008124501110010225000560021326000410026930000110031050001590032165300380048065300380051865300710055665300260062765300310065370000190068420240701120217.0100825s1998||||ag # f |||| 001 0 spa d a9500714019 aspa1 aLuna, Florencia. aBioética. bInvestigación, muerte, procreación y otros temas de ética aplicada / cFlorencia Luna a1a ed. bTraducción Horacio Pons y Alberto Gioia. aBuenos Aires: bSudamericana;c1998. a447 p. aLuna, F. y Salles, A. (1998). Bioética. Investigación, muerte, procreación y otros temas de ética aplicada. (1a ed.). Buenos Aires : Sudamericana. aEtica e investigación clínica aToma de decisiones terapéuticas aProblemas al final de la vida: derecho a morir y suicidio asistido aLibertad reproductiva aConflictos materno-fetales1 aSalles, Arleen